Vista normal
Vista MARC
Entrada Nombre de reunión
Número de registros utilizados en: 1
001 - NÚMERO DE CONTROL
- campo de control: 77084
003 - IDENTIFICADOR DEL NÚMERO DE CONTROL
- campo de control: OSt
005 - FECHA Y HORA DE LA ÚLTIMA TRANSACCIÓN
- campo de control: 20201030130444.0
008 - DATOS DE LONGITUD FIJA
- campo de control de longitud fija: 201030|| aca||aabn | a|a d
040 ## - FUENTE DE LA CATALOGACIÓN
- Centro catalogador/agencia de origen: OSt
- Centro/agencia transcriptor: OSt
111 ## - ENCABEZAMIENTO--NOMBRE DE CONGRESO/REUNIÓN
- Nombre de congreso/reunión o jurisdicción como elemento de entrada: Congreso Nacional de Derecho del Trabajador y la Seguridad Social y el Congreso Internacional de Derecho del Trabajo.
- Sede del congreso/Lugar de la reunión: Santo Domingo
- Fecha del congreso/reunión: 1990 : 21-25
- Número del congreso/reunión o número de parte o sección: (4º
670 ## - FUENTE DE DATOS ENCONTRADOS
- Cita de la fuente: Work cat.: (OSt)32000: García Gómez, Ramón A. 58447, La concertación social , 1990.
